01110nam a22001937a 450000500170000000800410001704000090005804100080006708200210007510000170009624500210011326000300013430000290016436500120019352006610020565000190086665000120088570000190089720220729160414.0220729b ||||| |||| 00| 0 eng d cAloy aeng 223a954.04bGHOG aSudhir Ghosh aGandhis emissary aCalcuttabRupa & Coc1967 aviii,351p.bHBc22x14cm. 2History aIn 1946, at the age of 29, the author was chosen by Mahatma Gandhi to act as unofficial emissary between the British Labour Government and India in the delicate negotiations which resulted in the country’s independence. His unique position enabled him to give the world a moving and informed account of the principal actors in the drama that led to the division of India and Pakistan and the creation of a parliamentary democracy in India. With the resurgence of interest and debate on Partition in India and Pakistan, and around the world, in the context of current international groupings, it is fitting that this book be brought back into circulation. aIndian History aHistory aGHOSH (Sudhir)